000
00328nam a2200157Ia 4500
100
_a
Newnham/Robert E
650
_a
Materials
942
_c
BK
366
_f
20
245
_a
Properties of Materials
260
_b
Oxford university press
_c
2007
082
_a
658.7
_b
NEW
300
_a
457
546
_a
ENGLISH
999
_c
27515
_d
27515